Cd̤igo Procesal Civil y Comercial de la Nacin̤

Detalles Bibliográficos
Formato: eBook
Lenguaje:español
Publicado: Buenos Aires: Zavala̕, 2013
Materias:
Acceso en línea:Acceso restringido

MARC

LEADER 00000nam a22000007a 4500
005 20140123190444.0
007 cr|||| ||||
008 140123s2013 ar |||||s|||| 00||0 spa d
020 |a 950-572-873-7 
035 |a 11728 
040 |a vLex 
090 |c 4661  |d 4661 
245 0 0 |a Cd̤igo Procesal Civil y Comercial de la Nacin̤  |h [Recurso electrn̤ico] 
256 |a Servicio en ln̕ea 
260 |a Buenos Aires:  |b Zavala̕,  |c 2013 
300 |a 1 recurso electrn̤ico 
506 1 |a Contenido solo disponible en los productos indicados  |d vLex Global  |d vLex Global (Academic Edition, excluding Law Schools)  |d vLex Global (U.S. Academic Edition, Law Schools)  |d vLex Global (U.S. Academic Edition, excluding Law Schools)  |d vLex Global (Academic Edition, Law Schools) 
650 0 4 |a Derecho Procesal  |z Argentina 
650 0 4 |a Derecho Civil  |z Argentina 
650 0 4 |a Derecho comercial  |z Argentina 
740 0 |a vLex Libros (Servicio en ln̕ea) 
856 4 0 |u http://vlex.com/source/codigo-procesal-civil-comercial-nacion-11728  |z Acceso restringido 
942 |c BOOK 
999 0 |a Procedure (Law) 
999 0 |a Civil law 
999 0 |a Commercial law